| 000 | 00810nam a2200217Ia 4500 | ||
|---|---|---|---|
| 003 | GCL | ||
| 008 | 140319s9999 xx 000 0 ara d | ||
| 040 |
_aGCL / _cGCL |
||
| 082 | 0 | 4 |
_a368 _bم م |
| 100 | 1 | _aمختار محمود الهانسى | |
| 245 | 1 | 0 |
_aمبادئ التامين بين الجوانب النظرية والاسس الرياضية / _cمختار محمود الهانسى |
| 250 | _aالاولى | ||
| 260 |
_aالقاهرة : _bدار النهضة العربية للطباعة والنشر |
||
| 300 |
_a592 ص ؛ _c24سم |
||
| 650 | 0 | 4 | _aالتأمين على السيارات |
| 650 | 0 | 4 | _aشركات التامين |
| 650 | 0 | 4 | _aالتأمين البحرى |
| 650 | 0 | 4 | _aالتأمين الاجتماعى |
| 650 | 0 | 4 | _aالتأمين ضد الحوادث |
| 942 |
_2ddc _cBK |
||
| 999 |
_c45937 _d45937 |
||